Rechentechnik, Datenverarbeitung

Guardado en:
Detalles Bibliográficos
Formato: Seriadas
Publicado: 1977
Etiquetas: Agregar Etiqueta
Sin Etiquetas, Sea el primero en etiquetar este registro!

MARC

LEADER 00000nas a22000003a 4500
001 stu69481
005 20141122000426.8
008 011106s1977----------------------------d
040 |a STU  |b slo 
041 0
245 |a Rechentechnik, Datenverarbeitung 
260 |c 1977 
500 |a 1977 
500 |a 4 
500 |a 1-4 
773 0 |t Rechentechnik, Datenverarbeitung  |w stu_us_cat*stu69475  |7 nnas 
996 |d Roč. 14, 1977  |v Roč. 14  |y 1977  |l II680  |s A  |a 24  |w stu69481_0001